PSYCHOLOGY FOR GRADUATE NURSES (Record no. 21890)

MARC details
000 -LEADER
fixed length control field 00339nam a22001577a 4500
003 - CONTROL NUMBER IDENTIFIER
control field SGT
020 ## - INTERNATIONAL STANDARD BOOK NUMBER
International Standard Book Number 9789351521549
082 ## - DEWEY DECIMAL CLASSIFICATION NUMBER
Classification number 150
Item number P14A
100 ## - MAIN ENTRY--PERSONAL NAME
Personal name ANTHIKAD, JACOB
245 ## - TITLE STATEMENT
Title PSYCHOLOGY FOR GRADUATE NURSES
250 ## - EDITION STATEMENT
Edition statement 5TH
260 ## - PUBLICATION, DISTRIBUTION, ETC. (IMPRINT)
Place of publication, distribution, etc INDIA
Name of publisher, distributor, etc JAYPEE
Year of Publication 2014
300 ## - PAGE DESCRIPTION
No. of Pages 356
650 ## - SUBJECT ADDED ENTRY--TOPICAL TERM
Topical term or geographic name as entry element PSYCHOLOGY
942 ## - ADDED ENTRY ELEMENTS (KOHA)
Source of classification or shelving scheme Dewey Decimal Classification
Koha item type Books
942 ## - ADDED ENTRY ELEMENTS (KOHA)
-- 12
Holdings
Withdrawn status Lost status Source of classification or shelving scheme Damaged status Not for loan Collection code Home library Current library Shelving location Date acquired Vendor Name Cost, normal purchase price SGTU Bill Number Total Checkouts Full call number Accession No. (Barcode) Date last seen Date last borrowed Bill Date Koha item type Total Renewals
    Dewey Decimal Classification     NURSING SGT Medical Library SGT Medical Library Text Book 29/09/2021 JAYPEE PUB 550.00 SGTU N5/INV/-1/2100076 1 150 P14A FN4246 13/12/2022 30/11/2022   Books  
    Dewey Decimal Classification     NURSING SGT Medical Library SGT Medical Library Text Book 29/09/2021 JAYPEE PUB 550.00 SGTU N5/INV/-1/2100076   150 P14A FN4247 29/09/2021     Books  
    Dewey Decimal Classification     NURSING SGT Medical Library SGT Medical Library Text Book 29/09/2021 JAYPEE PUB 550.00 SGTU N5/INV/-1/2100076 2 150 P14A FN4248 08/02/2024 25/01/2024   Books  
    Dewey Decimal Classification     NURSING SGT Medical Library SGT Medical Library Text Book 29/09/2021 JAYPEE PUB 550.00 SGTU N5/INV/-1/2100076 9 150 P14A FN4249 22/03/2024 05/03/2024   Books 1
    Dewey Decimal Classification     NURSING SGT Medical Library SGT Medical Library Text Book 29/09/2021 JAYPEE PUB 550.00 SGTU N5/INV/-1/2100076   150 P14A FN4250 29/09/2021     Books